000 00551 a2200229 4500
999 _c200435869
_d54081
003 TR-AnTOB
005 20200217101454.0
008 200217b xxu||||| |||| 00| 0 tur d
020 _a9789757638827
040 _aTR-AnTOB
_cTR-AnTOB
041 1 _atur
_heng
100 _aMills, C. Wright
245 _aSosyolojik tahayyül /
250 _a4. baskı
260 _c2016
264 _c2016
336 _2rdacontent
_atext
_btxt
337 _2rdamedia
_aunmediated
_bn
338 _2rdacarrier
_avolume
_bnc
942 _2lcc
_cBK